Консервирование градин и изучение их микроструктуры: [оттиск статьи]

Podrobná bibliografie
Hlavní autor: Вейнберг Б. П. Борис Петрович
Další autoři: Дудецкий В. Д. Василий Дмитриевич
Shrnutí:Текст в русской дореформенной орфографии
Представлено в заседании Физико-Математического Отделения 31 марта 1910 г.
Напечатано по распоряжению Императорской Академии Наук. Непременный Секретарь, Академик С. Ольденбург. Май 1910 г.
Jazyk:ruština
Vydáno: Санкт-Петербург, Типография Императорской Академии наук, 1910
Edice:Известия Императорской Академии наук
Témata:
Médium: MixedMaterials Kniha
KOHA link:https://koha.lib.tpu.ru/cgi-bin/koha/opac-detail.pl?biblionumber=352378

MARC

LEADER 00000nam0a2200000 4500
001 352378
005 20231102010507.0
035 |a (RuTPU)RU\TPU\retro\8899 
035 |a RU\TPU\retro\8764 
090 |a 352378 
100 |a 20191219d1910 k y0rusy50 ca 
101 0 |a rus 
102 |a RU 
105 |a a z 000zy 
200 1 |a Консервирование градин и изучение их микроструктуры  |e [оттиск статьи]  |f Б. П. Вейнберг, В. Д. Дудецкий 
210 |a Санкт-Петербург  |c Типография Императорской Академии наук  |d 1910 
215 |a С. 639-644  |c ил. 
225 1 |a Известия Императорской Академии наук 
300 |a Текст в русской дореформенной орфографии 
300 |a Представлено в заседании Физико-Математического Отделения 31 марта 1910 г. 
300 |a Напечатано по распоряжению Императорской Академии Наук. Непременный Секретарь, Академик С. Ольденбург. Май 1910 г. 
606 1 |a Град  |x Наблюдения  |2 stltpush  |3 (RuTPU)RU\TPU\subj\8459  |9 35868 
610 1 |a структура 
610 1 |a физика 
610 1 |a труды учёных ТПУ 
610 1 |a коллекция ТПУ 
610 1 |a таяние 
610 1 |a шлифы 
610 1 |a опыты 
675 |a 551.578.7  |v 3 
700 1 |a Вейнберг  |b Б. П.  |c российский геофизик  |c профессор Томского технологического института (1909-1924)  |f 1871-1942  |g Борис Петрович  |x TPU  |2 stltpush  |3 (RuTPU)RU\TPU\pers\5705 
701 1 |a Дудецкий  |b В. Д.  |c российский метеоролог, геофизик  |c преподаватель Томского технологического института и др., профессор  |f 1883-после 1945  |g Василий Дмитриевич  |2 stltpush  |3 (RuTPU)RU\TPU\pers\39418 
801 1 |a RU  |b 63413507  |c 20191210 
801 2 |a RU  |b 63413507  |c 20191219  |g RCR 
942 |c BK